Welcome to CU Library Online Public Access Catalogue (OPAC)

Quick reference to radiology / (Record no. 3339)

MARC details
000 -LEADER
fixed length control field 00582pam a2200193 a 4500
001 - CONTROL NUMBER
control field 4907462
005 - DATE AND TIME OF LATEST TRANSACTION
control field 20250131204810.0
008 - FIXED-LENGTH DATA ELEMENTS--GENERAL INFORMATION
fixed length control field 940824s1995 ctu f 000 0 eng c
020 ## - INTERNATIONAL STANDARD BOOK NUMBER
International Standard Book Number 9780838581964
050 00 - LIBRARY OF CONGRESS CALL NUMBER
Classification number RC78
Item number .Q53 1995
082 00 - DEWEY DECIMAL CLASSIFICATION NUMBER
Classification number 616.07/57
Edition information 20
245 00 - TITLE STATEMENT
Title Quick reference to radiology /
Statement of responsibility, etc. [edited by] John C. Lipman.
260 ## - PUBLICATION, DISTRIBUTION, ETC.
Place of publication, distribution, etc. Norwalk, Conn. :
Name of publisher, distributor, etc. Appleton & Lange,
Date of publication, distribution, etc. c1995.
300 ## - PHYSICAL DESCRIPTION
Extent xi, 482 p. ;
Dimensions 22 cm.
650 #0 - SUBJECT ADDED ENTRY--TOPICAL TERM
Topical term or geographic name entry element Radiography, Medical
General subdivision Handbooks, manuals, etc.
650 12 - SUBJECT ADDED ENTRY--TOPICAL TERM
Topical term or geographic name entry element Radiography
General subdivision handbooks.
700 1# - ADDED ENTRY--PERSONAL NAME
Personal name Lipman, John C.
942 ## - ADDED ENTRY ELEMENTS (KOHA)
Source of classification or shelving scheme Library of Congress Classification
Koha item type Books
Suppress in OPAC No
999 ## -
-- 3339
-- 3339
Holdings
Withdrawn status Lost status Source of classification or shelving scheme Damaged status Not for loan Collection Home library Current library Shelving location Date acquired Total checkouts Full call number Barcode Date last seen Copy number Price effective from Koha item type
    Library of Congress Classification     Non-fiction Science Library (Miotso) Science Library (Miotso) General stacks 01/31/2025   RC78 .Q53 QUI SLM00002755 01/31/2025 1 01/31/2025 Books
© 2023-2024 Copyright: Central University Libraries. All Rights Reserved | Created by: Mahone Tech Office